Joyería y esmalte / (Record no. 113592)

MARC details
000 -LEADER
campo de control de longitud fija 00637nam a2200205 4500
001 - NÚMERO DE CONTROL
campo de control 113592
003 - IDENTIFICADOR DE NÚMERO DE CONTROL
campo de control ES-MaACL
005 - FECHA Y HORA DE LA ÚLTIMA TRANSACCIÓN
campo de control 20250812082609.0
007 - CAMPO FIJO DE DESCRIPCIÓN FÍSICA--INFORMACIÓN GENERAL
campo de control de longitud fija t|
008 - DATOS DE LONGITUD FIJA--INFORMACIÓN GENERAL
campo de control de longitud fija 061121s1952 sp a |||| | spa d
080 ## - NÚMERO DE LA CLASIFICACIÓN DECIMAL UNIVERSAL
Número de la Clasificación Decimal Universal 671.1:666.26
100 1# - ENTRADA PRINCIPAL--NOMBRE DE PERSONA
Nombre de persona Pack, Greta.
9 (RLIN) 88153
245 10 - MENCIÓN DEL TÍTULO
Título Joyería y esmalte /
Mención de responsabilidad, etc. Greta Pack ; versión de la 8ª ed. en lengua inglesa por Luis Graupera.
260 ## - PUBLICACIÓN, DISTRIBUCIÓN, ETC.
Lugar de publicación, distribución, etc. Barcelona :
Nombre del editor, distribuidor, etc. Gustavo Gili,
Fecha de publicación, distribución, etc. 1952.
300 ## - DESCRIPCIÓN FÍSICA
Extensión 345 p. :
Otras características físicas il. ;
Dimensiones 26 cm.
650 #7 - PUNTO DE ACCESO ADICIONAL DE MATERIA--TÉRMINO DE MATERIA
Término de materia o nombre geográfico como elemento de entrada Artes decorativas
Fuente del encabezamiento o término embne
9 (RLIN) 135625
700 1# - ENTRADA AGREGADA--NOMBRE PERSONAL
Nombre de persona Graupera Castañé, Luis.
9 (RLIN) 59767
852 ## - LOCALIZACIÓN
Ubicación ES-MaACL
Número de control de estantería C-5680
Holdings
Estatus retirado Estado de pérdida Estado de daño No para préstamo Biblioteca de origen Biblioteca actual Ubicación en estantería Fecha de adquisición Fuente de adquisición Total de préstamos Signatura topográfica completa Código de barras Visto por última vez Precio de reemplazo Tipo de ítem Koha
        Biblioteca del Ateneo de Madrid Biblioteca del Ateneo de Madrid Sala Palomar 17/01/2008     C-5680 1118469 23/02/2023 23/02/2023 Libro impreso